[Event "NRW Class1 1314"]
[Site "Germany"]
[Date "2013.10.06"]
[Round "2.7"]
[White "Wicht, Juergen"]
[Black "Giraud, Valerian"]
[Result "1-0"]
[WhiteElo "2086"]
[BlackElo "1967"]
[PlyCount "145"]
[EventDate "2013.09.15"]
[EventType "team-tourn"]
[EventRounds "9"]
[EventCountry "GER"]
[SourceTitle "EXT 2015"]
[Source "ChessBase"]
[SourceDate "2014.11.20"]
[SourceVersion "1"]
[SourceVersionDate "2014.11.20"]
[SourceQuality "1"]
[WhiteTeam "Elberfeld"]
[BlackTeam "Bochum II"]
[WhiteTeamCountry "GER"]
[BlackTeamCountry "GER"]

1. d4 Nf6 2. c4 g6 3. Nc3 Bg7 4. e4 d6 5. f4 0-0 6. Nf3 Na6 7. Bd3 Bg4 8. Be3 e5 9. fxe5 dxe5 10. d5 Nh5 11. 0-0 Nf4 12. c5 Qe7 13. Bxa6 bxa6 14. Qd2 f5 15. d6 cxd6 16. cxd6 Qd7 17. Bxf4 exf4 18. e5 Qe6 19. Rae1 Bxf3 20. Rxf3 Bxe5 21. Rd3 Rad8 22. Qe2 Rfe8 23. Rd5 Qxd5 24. Nxd5 Bd4+ 25. Ne3 Bxe3+ 26. Kf1 Rxd6 27. Qc4+ Kh8 28. g3 g5 29. Qf7 Rde6 30. Qxf5 fxg3 31. hxg3 Kg7 32. Kg2 Re5 33. Qd3 a5 34. Qc3 Kg6 35. Qc6+ R8e6 36. Qc8 Re8 37. Qa6+ Kg7 38. Qc4 R8e7 39. Qd3 Kg8 40. b3 Re8 41. Rh1 R8e7 42. Qd8+ Re8 43. Qc7 R8e7 44. Qc4+ Kg7 45. Qc2 Kg8 46. Qc4+ Kg7 47. Qd3 Kg8 48. Re1 Kg7 49. Re2 h6 50. a3 R7e6 51. Qc3 Kg6 52. Re1 Kh7 53. b4 axb4 54. axb4 Kg6 55. Qd3+ Kg7 56. Rf1 Bb6 57. Qf3 Re2+ 58. Kh1 Rf2 59. Rxf2 Bxf2 60. Qxf2 Re7 61. Qf5 Rf7 62. Qe4 Rf1+ 63. Kg2 Rf7 64. Kh3 h5 65. Qe6 Rf2 66. Qe3 Rf5 67. Qxa7+ Kg6 68. Qa6+ Rf6 69. Qd3+ Kh6 70. Kg2 h4 71. Qd4 h3+ 72. Kxh3 Kh5 73. g4+ 1-0

[Event "NRW Verbandsliga Group2 1314"]
[Site "Nordrheinwestfalen"]
[Date "2013.09.08"]
[Round "1"]
[White "Giraud, Valerian"]
[Black "Schlaap, Ralf"]
[Result "1-0"]
[WhiteElo "1958"]
[BlackElo "2108"]
[PlyCount "79"]
[EventDate "2013.09.08"]
[EventType "team-tourn"]
[EventRounds "9"]
[EventCountry "GER"]
[SourceTitle "EXT 2020"]
[Source "ChessBase"]
[SourceDate "2019.10.17"]
[SourceVersion "1"]
[SourceVersionDate "2019.10.17"]
[SourceQuality "1"]
[WhiteTeam "Bochum SG III"]
[BlackTeam "Hamm SVg"]
[WhiteTeamCountry "GER"]
[BlackTeamCountry "GER"]

1. Nf3 Nf6 2. d4 d5 3. c4 c6 4. Qc2 g6 5. Bf4 Bg7 6. e3 Bf5 7. Qb3 Qb6 8. c5 Qxb3 9. axb3 Nbd7 10. h3 0-0 11. Nc3 b6 12. b4 Ne4 13. g4 g5 14. Nxg5 e5 15. dxe5 Nxg5 16. Bxg5 Nxe5 17. gxf5 Nf3+ 18. Kd1 Nxg5 19. Rg1 f6 20. f4 Nf7 21. Ne2 bxc5 22. bxc5 Nd8 23. Nd4 Re8 24. Kd2 Kf7 25. Bd3 Re7 26. Ra6 Rc8 27. Rga1 Rcc7 28. b4 Bf8 29. Be2 Bh6 30. Bf3 Red7 31. Kd3 Ke7 32. R1a2 Rb7 33. b5 Rbc7 34. bxc6 Nxc6 35. Nxc6+ Rxc6 36. Rxa7 Rxc5 37. R2a5 Bg7 38. Ra8 Bf8 39. Bh5 Rd8 40. R5a7+ 1-0

[Event "Dortmund Sparkassen op-A"]
[Site "Dortmund"]
[Date "2013.08.03"]
[Round "8"]
[White "Giraud, Valerian"]
[Black "Algars, Olle"]
[Result "0-1"]
[WhiteElo "1955"]
[BlackElo "2090"]
[PlyCount "70"]
[EventDate "2013.07.27"]
[EventType "swiss"]
[EventRounds "9"]
[EventCountry "GER"]
[SourceTitle "CBM 155 Extra"]
[Source "ChessBase"]
[SourceDate "2013.08.26"]
[SourceVersion "1"]
[SourceVersionDate "2013.08.26"]
[SourceQuality "1"]

1. d4 Nf6 2. c4 c5 3. d5 b5 4. cxb5 a6 5. bxa6 g6 6. Nc3 Bxa6 7. e4 Bxf1 8. Kxf1 d6 9. g3 Bg7 10. Kg2 0-0 11. Nf3 Nbd7 12. a4 Ng4 13. Nd2 Nge5 14. Qe2 Nb6 15. f4 Ned7 16. Nf3 Bxc3 17. bxc3 Rxa4 18. Bb2 Qc7 19. h4 Rfa8 20. h5 Ra2 21. hxg6 fxg6 22. Ng5 Nf8 23. Kf3 Qb7 24. Qh2 h5 25. Rxa2 Rxa2 26. Ra1 Rxa1 27. Bxa1 Qa6 28. Qa2 Nh7 29. Nxh7 Kxh7 30. Qb1 Nc4 31. Kg2 Nd2 32. Qe1 Qd3 33. e5 Qxd5+ 34. Kh3 Nf3 35. Qe3 Nxe5 0-1

[Event "Dortmund Sparkassen op-A"]
[Site "Dortmund"]
[Date "2013.07.29"]
[Round "3"]
[White "Meyer, Juergen"]
[Black "Giraud, Valerian"]
[Result "1/2-1/2"]
[WhiteElo "2075"]
[BlackElo "1955"]
[PlyCount "75"]
[EventDate "2013.07.27"]
[EventType "swiss"]
[EventRounds "9"]
[EventCountry "GER"]
[SourceTitle "CBM 155 Extra"]
[Source "ChessBase"]
[SourceDate "2013.08.26"]
[SourceVersion "1"]
[SourceVersionDate "2013.08.26"]
[SourceQuality "1"]

1. e4 e6 2. d4 d5 3. Nd2 Nf6 4. e5 Nfd7 5. Ngf3 c5 6. c3 Nc6 7. Bd3 h6 8. 0-0 g5 9. dxc5 Bxc5 10. Bb5 Qb6 11. a4 g4 12. b4 gxf3 13. bxc5 Qxc5 14. Qxf3 Ndxe5 15. Qf6 Rg8 16. Qxe5 Qxb5 17. Qxe6+ Bxe6 18. axb5 Ne5 19. f4 Nc4 20. f5 Bd7 21. Re1+ Kd8 22. Nxc4 dxc4 23. b6 a6 24. Ra5 Bc6 25. g3 Kd7 26. Rc5 Rae8 27. Rxe8 Rxe8 28. Bxh6 Re2 29. Rxc4 Rg2+ 30. Kf1 Rxh2 31. Rd4+ Ke7 32. Bg5+ f6 33. Bf4 Rc2 34. c4 Rxc4 35. Rxc4 Bb5 36. Ke2 Bxc4+ 37. Ke3 Kd7 38. g4 1/2-1/2

[Event "GER-ch U18"]
[Site "Oberhof"]
[Date "2013.05.21"]
[Round "5"]
[White "Giraud, Valerian"]
[Black "Sieber, Martin1111"]
[Result "1/2-1/2"]
[WhiteElo "1977"]
[BlackElo "1865"]
[PlyCount "43"]
[EventDate "2013.05.19"]
[EventType "swiss"]
[EventRounds "9"]
[EventCountry "GER"]
[SourceTitle "CBM 154 Extra"]
[Source "ChessBase"]
[SourceDate "2013.06.25"]
[SourceVersion "2"]
[SourceVersionDate "2013.06.25"]
[SourceQuality "1"]

1. d4 Nf6 2. c4 e6 3. Nf3 b6 4. g3 Bb7 5. Bg2 Be7 6. 0-0 0-0 7. Nc3 Ne4 8. Nxe4 Bxe4 9. Ne1 Bxg2 10. Nxg2 f5 11. b3 Bf6 12. Bb2 a5 13. Qc2 Na6 14. Rfd1 Qe7 15. a3 Rfd8 16. e4 fxe4 17. Qxe4 c5 18. a4 cxd4 19. Bxd4 Nc5 20. Qe3 d5 21. Bxf6 Qxf6 22. cxd5 1/2-1/2

[Event "GER-ch U18"]
[Site "Oberhof"]
[Date "2013.05.21"]
[Round "4"]
[White "Holle, Cedric"]
[Black "Giraud, Valerian"]
[Result "1-0"]
[WhiteElo "1890"]
[BlackElo "1977"]
[PlyCount "115"]
[EventDate "2013.05.19"]
[EventType "swiss"]
[EventRounds "9"]
[EventCountry "GER"]
[SourceTitle "CBM 154 Extra"]
[Source "ChessBase"]
[SourceDate "2013.06.25"]
[SourceVersion "2"]
[SourceVersionDate "2013.06.25"]
[SourceQuality "1"]

1. e4 e6 2. d4 d5 3. Nc3 Bb4 4. e5 c5 5. a3 Bxc3+ 6. bxc3 Ne7 7. Qg4 0-0 8. Bd3 f5 9. exf6 Rxf6 10. Bg5 Rf7 11. Qh5 g6 12. Qd1 Qa5 13. Bd2 c4 14. Be2 Nd7 15. Nf3 Nc6 16. Ng5 Re7 17. f4 Nf6 18. Bf3 Bd7 19. 0-0 Rf8 20. Qe2 h6 21. Nh3 Ref7 22. Qe3 Qa4 23. Ra2 Ne7 24. Nf2 Nf5 25. Qe5 Qa6 26. Ng4 Nxg4 27. Bxg4 Ba4 28. Re1 Re7 29. Rb2 Qc6 30. Re2 Qe8 31. Be1 Qf7 32. Bf3 Bc6 33. Rb1 Qg7 34. g4 Qxe5 35. dxe5 Ng7 36. Kg2 Rxf4 37. Bd2 Rf8 38. Bxh6 Ref7 39. Rf2 d4 40. Rbf1 Rxf3 41. Rxf3 dxc3 42. Kg3 Bxf3 43. Rxf3 Rc8 44. Rf6 Kh7 45. Bxg7 Kxg7 46. Rxe6 Rc7 47. Kf4 b5 48. Kg5 Kh7 49. Rxg6 Rg7 50. Rxg7+ Kxg7 51. Kf4 a5 52. Ke4 b4 53. axb4 a4 54. Kd4 a3 55. Kxc3 a2 56. Kb2 a1Q+ 57. Kxa1 c3 58. h4 1-0

[Event "Ruhrgebiet Verbandsliga2 1213"]
[Site "Nordrheinwestfalen"]
[Date "2012.12.02"]
[Round "4.3"]
[White "Giraud, Valerian"]
[Black "Ozerov, Ilja"]
[Result "1-0"]
[WhiteElo "1953"]
[BlackElo "2046"]
[PlyCount "127"]
[EventDate "2012.09.02"]
[EventType "team-tourn"]
[EventRounds "9"]
[EventCountry "GER"]
[SourceTitle "EXT 2020"]
[Source "ChessBase"]
[SourceDate "2019.10.17"]
[SourceVersion "1"]
[SourceVersionDate "2019.10.17"]
[SourceQuality "1"]
[WhiteTeam "Bochum SG III"]
[BlackTeam "Muelheim Nord III"]
[WhiteTeamCountry "GER"]
[BlackTeamCountry "GER"]

1. d4 f5 2. Bg5 g6 3. Nd2 Bg7 4. e4 fxe4 5. Nxe4 d5 6. Nc5 b6 7. Nb3 Nf6 8. Nf3 0-0 9. Be2 Nbd7 10. 0-0 Bb7 11. Re1 Ne4 12. c3 Ndf6 13. Nc1 Qd6 14. Bh4 Ng4 15. Bg3 Nxg3 16. hxg3 g5 17. Qd2 Nxf2 18. Kxf2 g4 19. Nd3 gxf3 20. Bxf3 Rf5 21. Qe3 Re8 22. Qe6+ Qxe6 23. Rxe6 Kf7 24. Rae1 Bc8 25. Rc6 Ba6 26. Nf4 e5 27. Bh5+ Rxh5 28. Nxh5 Bh8 29. Rxc7+ Kg6 30. Nf4+ Kf5 31. Rxa7 Bb5 32. Rf7+ Kg4 33. Nxd5 Rd8 34. Rxh7 Rf8+ 35. Kg1 exd4 36. cxd4 Bxd4+ 37. Kh2 Bxb2 38. Re4+ Kg5 39. Rb4 Bd3 40. Rhh4 Rf2 41. Rbg4+ Kf5 42. Rf4+ Rxf4 43. Rxf4+ Ke5 44. Nxb6 Bc1 45. Rb4 Ba6 46. Ra4 Bd3 47. Nd7+ Kd5 48. Nf6+ Ke5 49. Ng4+ Kd5 50. Nf2 Bh7 51. g4 Be3 52. Kg3 Bc2 53. Ra5+ Kc4 54. Kf3 Bd2 55. Ra7 Kb4 56. Ke2 Bg5 57. Nh3 Bd8 58. Ra8 Be7 59. g5 Bf5 60. Kf3 Bd6 61. Nf4 Bd7 62. Rd8 Bc6+ 63. Kg4 Bc7 64. Nd5+ 1-0

[Event "Ruhrgebiet Verbandsliga2 1213"]
[Site "Nordrheinwestfalen"]
[Date "2012.09.02"]
[Round "1.3"]
[White "Barskij, Alexander"]
[Black "Giraud, Valerian"]
[Result "1-0"]
[WhiteElo "1833"]
[BlackElo "1953"]
[PlyCount "73"]
[EventDate "2012.09.02"]
[EventType "team-tourn"]
[EventRounds "9"]
[EventCountry "GER"]
[SourceTitle "EXT 2020"]
[Source "ChessBase"]
[SourceDate "2019.10.17"]
[SourceVersion "1"]
[SourceVersionDate "2019.10.17"]
[SourceQuality "1"]
[WhiteTeam "Brackel SF II"]
[BlackTeam "Bochum SG III"]
[WhiteTeamCountry "GER"]
[BlackTeamCountry "GER"]

1. e4 e6 2. d4 d5 3. Nc3 Bb4 4. e5 c5 5. a3 Bxc3+ 6. bxc3 Ne7 7. Nf3 Bd7 8. a4 Qa5 9. Bd2 c4 10. Qb1 Nbc6 11. g3 Qc7 12. Bh3 0-0 13. 0-0 f6 14. Re1 fxe5 15. Nxe5 Nxe5 16. Rxe5 Nc6 17. Bxe6+ Bxe6 18. Rxe6 Rxf2 19. Kxf2 Qf7+ 20. Bf4 Qxe6 21. Qh1 Qf5 22. Qf3 Rf8 23. h4 Qxc2+ 24. Kg1 Qf5 25. Re1 b6 26. Qe3 a6 27. Qe6+ Qxe6 28. Rxe6 Rf6 29. Re8+ Rf8 30. Re6 Rf6 31. Re8+ Kf7 32. Ra8 a5 33. Ra6 Nb4 34. Ra7+ Kg6 35. Be5 Rf7 36. h5+ Kxh5 37. Rxf7 1-0